000 01008cam a22003014a 4500
005 20260322212049.0
008 data
010 _a 2010040145
020 _a9780307589033
040 _aDLC
_cDLC
_dDLC
042 _apcc
043 _an-us-ny
050 0 0 _aTX649.D59
_bA3 2011
082 0 0 _aB
_aB
_222
092 _a641.5 Dix 2011
100 1 _aDixon, Jonathan.
245 1 0 _aBeaten, seared, and sauced :
_bon becoming a chef at the Culinary Institute of America /
_cJonathan Dixon.
250 _a1st ed.
260 _aNew York :
_bClarkson Potter,
_cc2011.
300 _a266 p. ;
_c24 cm.
600 1 0 _aDixon, Jonathan.
610 2 0 _aCulinary Institute of America.
650 0 _aCooks
_zUnited States
_vBiography.
906 _a7
_bcbc
_corignew
_d1
_eecip
_f20
_gy-gencatlg
925 0 _aacquire
_b2 shelf copies
_xpolicy default
955 _wrd14 2010-10-12
_fxj08 2011-06-17 to CALM
_tCopy 2 to CALM
001 data
999 _c1162
_d1162